000 00341nam a2200133Ia 4500
008 231017s9999 xx 000 0 und d
082 _a327.7
082 _bPET
245 0 _aImplementing a standard evaluation approach and standard measures
245 4 _cThe volpe center
260 _bThe volpe center
300 _c30cm
942 _cREP
999 _c605291
_d605291